000 00471nam a2200205Ia 4500
005 20230328091935.0
008 131103s9999 xx 000 0 und d
020 _cRs.5.00
040 _aLoreto College
041 _aEnglish
082 _a891.443
_bKAR
100 _aKar,Bimal
245 _aJadukar
_cBimal Kar
250 _a2nd ed.
260 _aCalcutta
_bAmar Sahitya
_c1374
300 _a168p.
650 _aBengali fiction
850 _aLCLIB
942 _cBK
999 _c22920
_d73399